000 01091nam a22002777a 4500
003 OSt
005 20140310181914.0
008 130715t xxu||||| |||| 00| 0 eng d
020 _a9781412953368
050 _aLB 1031
_b.G822 2008
082 _aTR 371.2
_bG823 2008
100 _aGregory, Gayle H.
_9205
245 _aActivities for the differentiated classroom/
_cGregory, Gayle H.; Chapman, Carolyn
260 _aThousand Oaks, Calif :
_bCorwin Press Classroom,
_cc2008.
300 _a96 p. :
_bill. ;
_c28 cm.
500 _aIncludes bibliographical references.
520 _aIntroducing Corwin Press ClassroomA'an innovative new imprint offering practical strategies for all grade levels. Derived from highly successful Corwin Press professional resources, Corwin Press
521 _aFaculty
541 _j1
562 _e1
650 _aIndividualized instruction.
_9206
650 _aCognitive styles in children.
_9207
650 _aMixed ability grouping in education.
_9208
650 _aActivity programs in education.
_9196
942 _2lcc
_cBK-TR
_kTR
999 _c6648
_d6648